Fallout New Vegas - Statistics

General Stats
  • This quiz has been taken 479 times
  • The average score is 11 of 12
Answer Stats
Question Answer % Correct
Which of these factions is modeled after ancient Rome Legion
99%
Which faction is run by a rich, prewar man Mr. House
98%
which of these factions is democratic NCR
98%
Who shoots you in the head at the start of the game Benny
97%
Which of these factions is run by a securitron that is hacked by the man who shoots you in the head at the start of the game Yes Man
97%
What is the name of your character Courier 6
95%
which casino is run by the white glove society Ultra luxe
88%
Which of these tribes is cannibalistic White Glove Society
88%
which casino is run by the Garret twins atomic wrangler
83%
which casino is run by the omertas Gommorah
81%
Which casino is run by the chairmen Tops
80%
what studio developed the game Obsideon
78%
No matching quizzes found
Score Distribution
Percent of People with Each Score
Percentile by Number Answered
Your Score History
You have not taken this quiz